Reseñas bibliográficas
Se exponen reseñas de las principales bibliografías publicadas recientemente, entre los libros comentados encontramos: La pobreza de las Naciones de José Figueres Ferrer, La Introducción al pensamiento sociológico de Max Weber, Integración Centroamericana y Dominación Internacional de Guillermo Moli...
Saved in:
| Format: | Text |
|---|---|
| Language: | Spanish |
| Subjects: | |
| Tags: |
Add Tag
No Tags, Be the first to tag this record!
|
MARC
| LEADER | 00000 a a2200000 04500 | ||
|---|---|---|---|
| 001 | 837 | ||
| 003 | cru CRAI/IIS | ||
| 005 | 20210625162635.0 | ||
| 008 | 210625b |||||||| |||| 00| 0 spa d | ||
| 040 | |c cru CRAI/IIS | ||
| 245 | |a Reseñas bibliográficas | ||
| 500 | |a Colección Centroamérica | ||
| 520 | |a Se exponen reseñas de las principales bibliografías publicadas recientemente, entre los libros comentados encontramos: La pobreza de las Naciones de José Figueres Ferrer, La Introducción al pensamiento sociológico de Max Weber, Integración Centroamericana y Dominación Internacional de Guillermo Molina Chocano, Spanish Central America de Mac Leod Murdo, Interpretación del Desarrollo Social Centroamericano de Edelberto Torres, La Iglesia y el Sindicalismo de James Backer, El Salvador: Landscape and Society de David Brownig, La Inversión Extranjera en Centroamérica de Rafael Menjivar, Religión de los Nicaraos de Miguel Leon. El documento continúa exponiendo los resúmenes de: La Anexión del Partido de Nicoya de Luis Fernando Sibaja, La función Presidencial en Centroamérica de Fernando Guier, Amerique Centrale de Claude Baudez, Guatemala: una interpretación histórico-social de Carlos Guzmán y por último una reseña bibliográfica de las publicaciones de la Hispanic American Historical Review. HMBQ/HMBQ | ||
| 650 | |a BIBLIOGRAFIAS | ||
| 650 | |a HISTORIA | ||
| 650 | |a ASPECTOS POLITICOS | ||
| 650 | |a ASPECTOS SOCIALES | ||
| 650 | |a ASPECTOS ECONOMICOS | ||
| 650 | |a RELIGION | ||
| 650 | |a RELACIONES INTERNACIONALES | ||
| 650 | |a PUB.IIS | ||
| 773 | |g número 2; páginas 453-479 | ||
| 773 | 0 | |0 18765 |9 5850 |a Universidad de Costa Rica. |d San José, Costa Rica: Editorial Universidad de Costa Rica, 1974- |o MFN: 8518 |t Anuario de Estudios Centroamericanos / |x 03777316 | |
| 942 | |2 ddc |c PP | ||
| 999 | |c 40077 |d 40077 | ||
